|
|
|
|
| LEADER |
01338nam a22003498i 4500 |
| 001 |
34417 |
| 003 |
BD-DhAAL |
| 005 |
20211118105003.0 |
| 008 |
190327t2019 nyua b 001 0 eng |
| 999 |
|
|
|c 40557
|d 40557
|
| 010 |
|
|
|a 2018000717
|
| 020 |
|
|
|a 9781138629226 (hardback)
|
| 020 |
|
|
|a 9781138629240 (pbk.)
|
| 020 |
|
|
|z 9781315210513 (ebook)
|
| 040 |
|
|
|a DLC
|b eng
|c DLC
|e rda
|d DLC
|d BD-DhAAL
|
| 042 |
|
|
|a pcc
|
| 050 |
0 |
0 |
|a TA658.2
|b .M32 2018
|
| 082 |
0 |
0 |
|a 624.177
|2 23
|
| 100 |
1 |
|
|a Macdonald, Angus j.
|d 1945-
|e author.
|9 30630
|
| 245 |
1 |
0 |
|a Structure and architecture /
|c Angus J. Macdonald.
|
| 250 |
|
|
|a Third edition.
|
| 260 |
|
|
|a Abingdon, Oxon ;
|a New York, NY :
|b Routledge, Taylor & Francis Group,
|c c2019
|
| 300 |
|
|
|a vii, 350 pages :
|b illustrations ;
|c 25 cm.
|
| 504 |
|
|
|a Includes bibliographical references and index.
|
| 526 |
|
|
|a ARC
|
| 541 |
|
|
|a Parama Publishers
|e 34417
|
| 650 |
|
0 |
|a Structural design.
|9 30631
|
| 650 |
|
0 |
|a Architectural design.
|9 30632
|
| 650 |
|
0 |
|a Architecture
|9 42773
|
| 852 |
|
|
|a Ayesha Abed Library
|c General Stacks
|
| 942 |
|
|
|2 ddc
|c BK
|
| 952 |
|
|
|0 0
|1 0
|2 ddc
|4 0
|6 624_177000000000000_MAC
|7 0
|9 65175
|a BRACUL
|b BRACUL
|c GEN
|d 2019-02-26
|e Parama Publishers
|g 2839.29
|l 3
|m 37
|o 624.177 MAC
|p 3010034417
|r 2025-10-27
|s 2025-09-04
|t 1
|v 2839.29
|w 2019-02-26
|y BK
|x Transferred from ARC to BRACUL on 28/12/2023
|